| 000 | 00462nam a2200181Ia 4500 | ||
|---|---|---|---|
| 001 | 12611 | ||
| 005 | 20260306162954.0 | ||
| 008 | 260306t2019||||xx |||||||||||||| ||spa|| | ||
| 041 | _aESP | ||
| 082 |
_aHR 349.7 _bV. 59 Nº 117 2019 IC |
||
| 110 | _aInstituto Martín de Azpilcueta. Universidad de Navarra | ||
| 245 | 0 | _aIus canonicum | |
| 260 | _c2019 | ||
| 300 |
_a475 páginas : _c24 cm. |
||
| 650 | _aGEN | ||
| 654 | _aCHU | ||
| 942 |
_cREV _dJUS _fJUS _2ddc _n |
||
| 999 |
_c12611 _d12611 |
||